000 00642nam a2200217 a 4500
999 _c2206
_d2206
001 2206
003 BD-JhCC
005 20171030205503.0
008 171030s1957 bg |||| ||a| 000 0 ben d
035 _a(BD-JhCC)2206
040 _aBD-JhCC
_dBD-JhCC
041 _aben
082 _a891.4409
_bGHO 1957
100 _aঘোষ, বিনয়
245 _aপশ্চিমবঙ্গের সংস্কৃতি /
_cবিনয় ঘোষ
260 _aকলকাতা :
_bপুস্তক প্রকাশক,
_c1957.
300 _a814 p. :
_c22 cm.
650 _aBengali Literature
942 _2ddc
_cBK